Convergence and divergence of sovereign bond spreads: lessons from Latin America

Uložené v:
Podrobná bibliografia
Hlavný autor: Grandes, Martin
Médium: Kniha
Jazyk:English
Vydavateľské údaje: Paris OECD 2002
Edícia:Technical papers No. 200
Predmet:
Tagy: Pridať tag
Žiadne tagy, Buďte prvý, kto otaguje tento záznam!

MARC

LEADER 00000nam$a2200000$$$4500
001 0024056
005 20221129100825.4
041 0 |a eng 
044 |a FR 
245 1 0 |a Convergence and divergence of sovereign bond spreads: lessons from Latin America  |c by Martin Grandes 
264 1 |a Paris  |b OECD  |c 2002 
300 |a 52 s. 
490 1 |a Technical papers  |v No. 200 
830 0 |a Technical papers  |v No. 200 
610 2 0 |a konvergencia 
610 2 0 |a obligácie 
610 2 0 |a Latinská Amerika 
610 2 0 |a porovnanie medzinárodné 
100 1 |a Grandes, Martin